[Event "Chioggia op-B 14th"]
[Site "Chioggia"]
[Date "2019.10.05"]
[Round "3"]
[White "Ballon, Gianluca"]
[Black "Pigato, Alex"]
[Result "1-0"]
[WhiteElo "1500"]
[BlackElo "1381"]
[PlyCount "73"]
[EventDate "2019.10.04"]
[EventType "swiss"]
[EventRounds "5"]
[EventCountry "ITA"]
[SourceTitle "EXT 2022"]
[Source "ChessBase"]
[SourceDate "2021.10.06"]
[SourceVersion "1"]
[SourceVersionDate "2021.10.06"]
[SourceQuality "1"]

1. e4 c5 2. Nf3 d6 3. d4 cxd4 4. Nxd4 Nf6 5. Nc3 a6 6. f3 e5 7. Nb3 Be6 8. Be3 Be7 9. Qd2 Nbd7 10. g4 Rc8 11. h4 b5 12. h5 Nb6 13. g5 Nfd7 14. f4 Bc4 15. Bd3 Qc7 16. Rc1 f6 17. f5 fxg5 18. Bxg5 Nc5 19. Nxc5 dxc5 20. Qg2 h6 21. Bh4 Bf6 22. Bxc4 Nxc4 23. Nd5 Qf7 24. b3 Nd6 25. Bxf6 gxf6 26. Qg6 Nxe4 27. Rh4 Ng5 28. Nxf6+ Ke7 29. Nd5+ Qxd5 30. f6+ Ke6 31. Rd1 Qf3 32. f7+ Ke7 33. Qd6+ Kxf7 34. Qd7+ Kg8 35. Qxc8+ Kh7 36. Qd7+ Nf7 37. Qd3+ 1-0

[Event "Chioggia op-B 13th"]
[Site "Chioggia"]
[Date "2018.09.30"]
[Round "5"]
[White "Ballon, Gianluca"]
[Black "Candian, Lorenzo"]
[Result "0-1"]
[WhiteElo "1522"]
[BlackElo "1446"]
[PlyCount "112"]
[EventDate "2018.09.28"]
[EventType "swiss"]
[EventRounds "5"]
[EventCountry "ITA"]
[SourceTitle "EXT 2022"]
[Source "ChessBase"]
[SourceDate "2021.10.06"]
[SourceVersion "1"]
[SourceVersionDate "2021.10.06"]
[SourceQuality "1"]

1. e4 e5 2. Bc4 Nf6 3. d3 h6 4. Nc3 Bc5 5. f4 d6 6. f5 Nc6 7. g4 h5 8. g5 Ng4 9. Nh3 Ne3 10. Bxe3 Bxe3 11. Nd5 Bxg5 12. Rg1 Bh4+ 13. Kd2 Bf6 14. Nxf6+ Qxf6 15. Ng5 Nd8 16. Qf3 c6 17. Raf1 a5 18. a3 b5 19. Ba2 Bb7 20. Rg2 Rc8 21. c3 Rc7 22. Rfg1 Rd7 23. Kc2 d5 24. Rg3 Ke7 25. c4 bxc4 26. dxc4 d4 27. c5 g6 28. fxg6 fxg6 29. Qxf6+ Kxf6 30. Nf3 Rh6 31. Rxg6+ Rxg6 32. Rxg6+ Kxg6 33. Nxe5+ Kg5 34. Nxd7 Kh4 35. Nf6 Kg5 36. e5 Kf5 37. Nxh5 Kxe5 38. h4 Ne6 39. Bxe6 Kxe6 40. Nf4+ Ke5 41. h5 Kxf4 42. Kd3 Ke5 43. b4 a4 44. Kd2 Ba6 45. Ke1 d3 46. Kd2 Bb5 47. Ke3 Kf5 48. Kd2 Kg5 49. Kc3 Kxh5 50. Kd2 Kg4 51. Ke3 Kf5 52. Kd2 Ke4 53. Ke1 Ke3 54. Kd1 d2 55. Kc2 Bd3+ 56. Kc3 d1N# 0-1

[Event "Treviso Lega op-B 2nd"]
[Site "Treviso"]
[Date "2018.03.03"]
[Round "2"]
[White "Ballon, Gianluca"]
[Black "Belloni, Umberto"]
[Result "0-1"]
[WhiteElo "1460"]
[BlackElo "1631"]
[PlyCount "70"]
[EventDate "2018.03.02"]
[EventType "swiss"]
[EventRounds "5"]
[EventCountry "ITA"]
[SourceTitle "EXT 2022"]
[Source "ChessBase"]
[SourceDate "2021.10.06"]
[SourceVersion "1"]
[SourceVersionDate "2021.10.06"]
[SourceQuality "1"]

1. e4 e6 2. d4 d5 3. e5 c5 4. c3 Nc6 5. Nf3 Bd7 6. a3 c4 7. Bf4 Nge7 8. Be2 Nf5 9. Nbd2 b5 10. Nf1 g6 11. Ne3 Nxe3 12. Bxe3 Na5 13. Nd2 Bg7 14. 0-0 0-0 15. f4 Nc6 16. Rf3 a5 17. Rh3 Ne7 18. Bg4 Nf5 19. Bxf5 exf5 20. Qf3 Be6 21. Qg3 Qe7 22. Rh4 b4 23. Qh3 h5 24. Nf3 bxa3 25. bxa3 Rfb8 26. Ng5 Rb3 27. Bc1 Rab8 28. Qe3 Rb1 29. Rxb1 Rxb1 30. Rh3 Qxa3 31. Kf2 Qxc1 32. Qxc1 Rxc1 33. Rg3 a4 34. Nxe6 fxe6 35. Rxg6 Kf7 0-1

[Event "Chioggia op-B 12th"]
[Site "Chioggia"]
[Date "2017.10.08"]
[Round "5"]
[White "Ballon, Gianluca"]
[Black "Cartegni, Aldo Jose"]
[Result "0-1"]
[WhiteElo "1410"]
[BlackElo "1484"]
[PlyCount "96"]
[EventDate "2017.10.06"]
[EventType "swiss"]
[EventRounds "5"]
[EventCountry "ITA"]
[SourceTitle "EXT 2022"]
[Source "ChessBase"]
[SourceDate "2021.10.06"]
[SourceVersion "1"]
[SourceVersionDate "2021.10.06"]
[SourceQuality "1"]

1. a4 a5 2. e4 d6 3. d4 Nf6 4. Nc3 g6 5. Be2 Bg7 6. Be3 0-0 7. h3 e5 8. d5 c6 9. Nf3 cxd5 10. Nxd5 Nxd5 11. Qxd5 Qc7 12. Qd2 Nc6 13. c3 Be6 14. 0-0 Ne7 15. Bh6 f5 16. Bxg7 Kxg7 17. Ng5 Qd7 18. Rad1 Rad8 19. Bb5 Qc8 20. Nxe6+ Qxe6 21. Bd3 fxe4 22. Bxe4 d5 23. Bc2 Qb6 24. Qg5 Qf6 25. Qxf6+ Rxf6 26. Rfe1 Nc6 27. Be4 dxe4 28. Rxd8 Nxd8 29. Rxe4 Nc6 30. Kf1 Rd6 31. Ke2 h6 32. f3 g5 33. g4 Kf6 34. b4 axb4 35. cxb4 Nd4+ 36. Ke3 Ne6 37. Rc4 Rd4 38. Rxd4 Nxd4 39. b5 Ke6 40. Ke4 Kd6 41. b6 Kc5 42. a5 Kb5 43. Kxe5 Nxf3+ 44. Ke4 Ng1 45. a6 Kxa6 46. h4 gxh4 47. Kf4 Kxb6 48. g5 hxg5+ 0-1

[Event "Chioggia op-B 12th"]
[Site "Chioggia"]
[Date "2017.10.08"]
[Round "4"]
[White "Pasin, Danilo"]
[Black "Ballon, Gianluca"]
[Result "1/2-1/2"]
[WhiteElo "1498"]
[BlackElo "1410"]
[PlyCount "50"]
[EventDate "2017.10.06"]
[EventType "swiss"]
[EventRounds "5"]
[EventCountry "ITA"]
[SourceTitle "EXT 2022"]
[Source "ChessBase"]
[SourceDate "2021.10.06"]
[SourceVersion "1"]
[SourceVersionDate "2021.10.06"]
[SourceQuality "1"]

1. d4 Nf6 2. c4 g6 3. Nc3 Bg7 4. e4 0-0 5. e5 Ne8 6. Nf3 d6 7. Bf4 Bg4 8. Be2 Nc6 9. a3 dxe5 10. Nxe5 Bxe2 11. Nxe2 Nxe5 12. dxe5 f6 13. e6 f5 14. Nc3 Bxc3+ 15. bxc3 Qxd1+ 16. Rxd1 Rf6 17. 0-0 Rxe6 18. Rd7 Rc6 19. Rxe7 Rxc4 20. Be5 Rd8 21. Bd4 Ra4 22. Rfe1 Kf8 23. Rxh7 b6 24. Rh8+ Kf7 25. Rh7+ Kf8 1/2-1/2

[Event "Chioggia op-B 12th"]
[Site "Chioggia"]
[Date "2017.10.07"]
[Round "3"]
[White "Ballon, Gianluca"]
[Black "Fiscato, Claudio"]
[Result "0-1"]
[WhiteElo "1410"]
[BlackElo "1624"]
[PlyCount "74"]
[EventDate "2017.10.06"]
[EventType "swiss"]
[EventRounds "5"]
[EventCountry "ITA"]
[SourceTitle "EXT 2022"]
[Source "ChessBase"]
[SourceDate "2021.10.06"]
[SourceVersion "1"]
[SourceVersionDate "2021.10.06"]
[SourceQuality "1"]

1. a4 Nf6 2. d3 d5 3. Nf3 Nc6 4. g3 e5 5. Bg5 h6 6. Bh4 g5 7. Nxg5 hxg5 8. Bxg5 Be7 9. Bg2 Be6 10. 0-0 Qd7 11. Re1 0-0-0 12. c3 Rdg8 13. Bd2 Bh3 14. Bh1 Ng4 15. b4 f5 16. a5 Nb8 17. c4 dxc4 18. dxc4 Qd4 19. Bxb7+ Kxb7 20. Be3 Qxd1 21. Rxd1 Nxe3 22. fxe3 Bxb4 23. Rd5 c6 24. Rxe5 Re8 25. Rxe8 Rxe8 26. Na3 Bc5 27. Rb1+ Kc7 28. Nc2 Bxe3+ 29. Nxe3 Rxe3 30. Ra1 Rxe2 31. a6 Nd7 32. Rb1 Nc5 33. Ra1 Rg2+ 34. Kh1 Ne4 35. Rf1 Nf2+ 36. Rxf2 Rxf2 37. Kg1 Rf1# 0-1

[Event "Chioggia op-B 12th"]
[Site "Chioggia"]
[Date "2017.10.07"]
[Round "2"]
[White "Battagin, Mose"]
[Black "Ballon, Gianluca"]
[Result "1-0"]
[WhiteElo "1828"]
[BlackElo "1410"]
[PlyCount "69"]
[EventDate "2017.10.06"]
[EventType "swiss"]
[EventRounds "5"]
[EventCountry "ITA"]
[SourceTitle "EXT 2022"]
[Source "ChessBase"]
[SourceDate "2021.10.06"]
[SourceVersion "1"]
[SourceVersionDate "2021.10.06"]
[SourceQuality "1"]

1. e4 Nf6 2. Nc3 e6 3. d4 Bb4 4. Bd3 Nc6 5. Nge2 d6 6. 0-0 a6 7. f4 0-0 8. e5 Nd5 9. Nxd5 exd5 10. c3 Ba5 11. Ng3 g6 12. exd6 Qxd6 13. f5 Bd7 14. Bf4 Qe7 15. Qg4 Bb6 16. Rae1 Qd8 17. Bh6 Re8 18. Nh5 Rxe1 19. Rxe1 Na7 20. fxg6 hxg6 21. Qxd7 Qxd7 22. Nf6+ Kh8 23. Nxd7 Kh7 24. Nxb6 cxb6 25. Bf4 Nc6 26. Be5 Re8 27. Kf2 a5 28. Re3 Nxe5 29. Rxe5 Rxe5 30. dxe5 Kg7 31. Ke3 f5 32. exf6+ Kxf6 33. Kd4 Ke6 34. Bxg6 a4 35. Bh5 1-0

[Event "Treviso op-D 1st"]
[Site "Treviso"]
[Date "2017.03.18"]
[Round "2.19"]
[White "Ballon, Gianluca"]
[Black "Benetti, Andrea"]
[Result "0-1"]
[WhiteElo "1405"]
[BlackElo "1262"]
[PlyCount "112"]
[EventDate "2017.03.17"]
[EventType "swiss"]
[EventRounds "5"]
[EventCountry "ITA"]
[SourceTitle "EXT 2024"]
[Source "ChessBase"]
[SourceDate "2023.10.10"]
[SourceVersion "1"]
[SourceVersionDate "2023.10.10"]
[SourceQuality "1"]

1. e4 d6 2. d4 Nf6 3. Nc3 g6 4. Be2 Bg7 5. f4 0-0 6. Nf3 c5 7. d5 Nbd7 8. Be3 Ng4 9. Qd2 Qa5 10. Ng5 Nxe3 11. Qxe3 h6 12. Nf3 Qb4 13. Rb1 Bxc3+ 14. Qxc3 Qxe4 15. Qd2 Nb6 16. b3 Nxd5 17. g3 Bg4 18. 0-0 Qe3+ 19. Qxe3 Nxe3 20. Rfc1 b5 21. Kf2 Nd5 22. Rb2 b4 23. Re1 Nc3 24. Bd3 Rfe8 25. Ba6 Bxf3 26. Kxf3 e5 27. fxe5 dxe5 28. Bc4 Kg7 29. Rf1 Rad8 30. Kg2 f5 31. Kh3 Rd2 32. g4 f4 33. Re1 g5 34. Bf1 e4 35. Bg2 f3 36. Bxf3 Rf2 37. Bh1 e3 38. Bg2 e2 39. Kg3 Rf4 40. h3 Re3+ 41. Kh2 Rf2 42. Kg1 Nd1 43. Rb1 Rg3 44. Rxe2 Rgxg2+ 45. Kh1 Rxe2 46. Rxd1 Rh2+ 47. Kg1 Rxh3 48. Rd7+ Kf6 49. Rxa7 Rxc2 50. Rd7 Rg3+ 51. Kf1 Rxg4 52. Rd6+ Kg7 53. Rd7+ Kg6 54. Rd6+ Kh5 55. Rd3 Rxa2 56. Rh3+ Rh4 0-1

[Event "Treviso op-D 1st"]
[Site "Treviso"]
[Date "2017.03.18"]
[Round "3.19"]
[White "De Marchi, Alberto"]
[Black "Ballon, Gianluca"]
[Result "0-1"]
[WhiteElo "1440"]
[BlackElo "1405"]
[PlyCount "128"]
[EventDate "2017.03.17"]
[EventType "swiss"]
[EventRounds "5"]
[EventCountry "ITA"]
[SourceTitle "EXT 2024"]
[Source "ChessBase"]
[SourceDate "2023.10.10"]
[SourceVersion "1"]
[SourceVersionDate "2023.10.10"]
[SourceQuality "1"]

1. d4 Nf6 2. Nf3 d6 3. Nc3 g6 4. e4 a6 5. Bc4 Nc6 6. 0-0 Bg4 7. h3 Bxf3 8. Qxf3 Nxd4 9. Qd3 Nc6 10. Re1 Bg7 11. Nd1 0-0 12. Qb3 Na5 13. Qd3 Nxc4 14. Qxc4 d5 15. exd5 Nxd5 16. Qc5 e6 17. Rb1 Nf6 18. Bf4 c6 19. Nc3 Nd5 20. Nxd5 Qxd5 21. Qa3 Qf5 22. Bd6 Rfd8 23. c3 Bf8 24. Rbd1 Bxd6 25. Rxd6 Rxd6 26. Qxd6 Qb5 27. b4 Qc4 28. Qd2 Kg7 29. f3 a5 30. Re4 Qd5 31. Rd4 Qe5 32. f4 Qf5 33. Qb2 axb4 34. cxb4 e5 35. Rc4 Qe6 36. Rc2 f6 37. fxe5 Qxe5 38. Qb3 Qd4+ 39. Kh2 Qd6+ 40. g3 Qd5 41. Qb2 Re8 42. Rd2 Qe6 43. Qd4 Re7 44. a4 Qb3 45. a5 Re3 46. Qf4 Qe6 47. Qc7+ Kh6 48. Rg2 Qe7 49. Qf4+ g5 50. Qd4 Re4 51. Qc5 Qxc5 52. bxc5 Rc4 53. Re2 Rxc5 54. Re7 Rxa5 55. Rxb7 Ra2+ 56. Kg1 Ra1+ 57. Kf2 Ra2+ 58. Kf3 Ra3+ 59. Kg4 Kg6 60. h4 Ra4+ 61. Kh3 gxh4 62. g4 h6 63. Kxh4 f5 64. Rb6 Rxg4+ 0-1